Sports Quiz

Random Sports or WWE Quiz

Wrestling Observer Tag Team of the Year Quiz Stats

 Plays Quiz not verified by Sporcle

Score 0/39 Timer 10:00
0 Plays Today
Year Tag Team % Correct
2018The Young Bucks
89.5%
2017The Young Bucks
87.3%
2014The Young Bucks
75.6%
2015The Young Bucks
75.6%
2016The Young Bucks
75.6%
2000Edge & Christian
71.6%
1984The Road Warriors
68.9%
1990The Steiner Brothers
61.3%
1987The Midnight Express
58.2%
1988The Midnight Express
58.2%
1982Stan Hansen & Ole Anderson
57.1%
1986The Midnight Express
57.1%
2011Bad Intentions
56.5%
1989The Rockers
53.8%
1985The British Bulldogs
50%
1994Los Gringos Locos
49.8%
2005America's Most Wanted
48.3%
2013The Shield
47.5%
1995Mitsuharu Misawa & Kenta Kobashi
47.3%
2007The Briscoe Brothers
47.3%
Year Tag Team % Correct
1991Mitsuharu Misawa & Toshiaki Kawada
46.8%
1980The Fabulous Freebirds
46.6%
1996Mitsuharu Misawa & Jun Akiyama
46.4%
1997Mitsuharu Misawa & Jun Akiyama
46.4%
2002Los Guerreros
43.9%
2012Bad Influence
43.7%
1999Kenta Kobashi & Jun Akiyama
42.2%
1993The Hollywood Blonds
38.4%
1992The Miracle Violence Connection
37.8%
2008John Morrison & The Miz
34%
2009The American Wolves
31.3%
2003Kenta & Naomichi Marufuji
30.7%
2004Kenta & Naomichi Marufuji
30.7%
2010The Kings of Wrestling
27.9%
1983Ricky Steamboat & Jay Youngblood
26.5%
1981Jimmy Snuka & Terry Gordy
26.1%
2001Satoshi Kojima & Hiroyoshi Tenzan
23.1%
2006The Latin Exchange
20.2%
1998Shinjiro Otani & Tatsuhito Takaiwa
8.6%

You're not logged in!

Compare scores with friends on all Sporcle quizzes.
OR
Log In

Sporcle TV

Today on Sporcle TV


Watch our educational content, quiz creation guides, and fun videos on Sporcle TV.

Show Comments

Extras

Top Quizzes Today


Score Distribution

Your Account Isn't Verified!

In order to create a playlist on Sporcle, you need to verify the email address you used during registration. Go to your Sporcle Settings to finish the process.

Report this User

Report this user for behavior that violates our Community Guidelines.

Details: